000 00664nam a22002417a 4500
003 UA-OsUOA
001 98262
007 ta
008 20130411b un ||||| |||| 00| 0 ukr d
100 _aСлісаренко О.
090 _a821.161.2
_bС47
942 _cBK
040 _aUA-OsUOA
_bukr
_cUA-OsUOA
_dUA-OsUOA
245 _aЧорний ангел
_bвірші. Новели. Повісті. Роман
300 _a557 с.
955 _a3
041 _aukr
080 _a821.161.2
020 _a5-308-00796-9
260 _aК.
_bДніпро
_c1990
650 7 _a82 Література. Літературознавство
_2UDC
999 _c384732
_d384732